000 00400nam a2200133Ia 4500
005 20260326235459.0
008 260326s9999||||xx |||||||||||||| ||und||
100 _aEttinger McEnulty, Catherine R.
245 0 _aArquitectura Contemporánea :
_b Arte, ciencia y teoría /
_cCatherine R. Ettinger McEnulty
260 _bPlaza & Valdés
300 _a226 p.
650 _aARQUITECTURA MODERNA
942 _cBK
999 _c8039
_d8039